Top 150 ESPN Fantasy Football of 2025 - Statistics

General Stats
  • This quiz has been taken 391 times
  • The average score is 122 of 150
Answer Stats
Position Player Team % Correct
WR Ja'Marr Chase Bengals
100%
WR Amon-Ra St. Brown Lions
99%
WR Ceedee Lamb Cowboys
99%
RB Christian McCaffrey 49ers
99%
WR Justin Jefferson Vikings
99%
RB Saquon Barkley Eagles
99%
RB Bijan Robinson Falcons
98%
WR A.J. Brown Eagles
97%
RB Jahmyr Gibbs Lions
97%
WR Malik Nabers Giants
97%
WR Puka Nacua Rams
97%
RB Chase Brown Bengals
96%
WR Hollywood Brown Chiefs
96%
QB Josh Allen Bills
96%
RB De'Von Achane Dolphins
95%
WR DeVonta Smith Eagles
95%
QB Jalen Hurts Eagles
95%
RB Kyren Williams Rams
95%
QB Lamar Jackson Ravens
95%
RB Ashton Jeanty Raiders
94%
RB Brealon Allen Jets
94%
RB Brian Robinson Jr. 49ers
94%
QB Caleb Williams Bears
94%
RB Derrick Henry Ravens
94%
WR Jameson Williams Lions
94%
RB Javonte Williams Cowboys
94%
QB Joe Burrow Bengals
94%
WR Keenan Allen Chargers
94%
WR Tyreek Hill Dolphins
94%
TE Brock Bowers Raiders
93%
WR Davante Adams Rams
93%
TE Hunter Henry Patriots
93%
QB Jayden Daniels Commanders
93%
RB Jonathan Taylor Colts
93%
RB Josh Jacobs Packers
93%
WR Nico Collins Texans
93%
QB Patrick Mahomes Chiefs
93%
WR Drake London Falcons
92%
WR Garrett Wilson Jets
92%
TE George Kittle 49ers
92%
WR Jaxon Smith-Njigba Seahawks
92%
WR Tee Higgins Bengals
92%
RB Alvin Kamara Saints
91%
RB James Cook Bills
91%
RB Aaron Jones Sr. Vikings
90%
QB Baker Mayfield Buccaneers
90%
RB Breece Hall Jets
90%
WR Brian Thomas Jr. Jaguars
90%
RB Bucky Irving Buccaneers
90%
WR/CB Travis Hunter Jaguars
90%
TE Trey McBride Cardinals
90%
WR Zay Flowers Ravens
90%
WR DK Metcalf Steelers
89%
WR George Pickens Cowboys
89%
WR Jayden Higgins Texans
89%
WR Jaylen Waddle Dolphins
89%
RB Kenneth Walker III Seahawks
89%
WR Mike Evans Buccaneers
89%
WR Terry McLaurin Commanders
89%
TE Travis Kelce Chiefs
89%
WR Marvin Harrison Jr. Cardinals
88%
QB Bo Nix Broncos
87%
QB Brock Purdy 49ers
87%
RB Chuba Hubbard Panthers
87%
WR Courtland Sutton Broncos
87%
QB Kyler Murray Cardinals
87%
WR Ladd McConkey Chargers
87%
RB Najee Harris Chargers
87%
WR Rashee Rice Chiefs
87%
TE Sam LaPorta Lions
87%
WR Xavier Worthy Chiefs
87%
RB David Montgomery Lions
86%
WR DJ Moore Bears
86%
TE Mark Andrews Ravens
86%
RB Omarion Hampton Chargers
86%
RB James Conner Cardinals
85%
TE T.J. Hockenson Vikings
85%
WR Calvin Ridley Titans
84%
WR Chris Olave Saints
84%
WR Cooper Kupp Seahawks
84%
QB Dak Prescott Cowboys
84%
RB D'Andre Swift Bears
84%
WR Jerry Jeudy Browns
84%
RB Joe Mixon Texans
84%
QB Jordan Love Packers
84%
WR Rome Odunze Bears
84%
WR Chris Godwin Buccaneers
83%
WR Jordan Addison Vikings
83%
QB Justin Herbert Chargers
83%
RB Isiah Pacheco Chiefs
82%
QB Jared Goff Lions
82%
RB Jaylen Warren Steelers
82%
QB Justin Fields Jets
82%
RB Rhamonde Stevenson Patriots
82%
TE Tyler Warren Colts
82%
TE David Njoku Browns
81%
QB Drake Maye Patriots
81%
WR Stefon Diggs Patriots
81%
RB Tony Pollard Titans
79%
RB TreVeyon Henderson Patroits
79%
WR Deebo Samuel Commanders
78%
WR Jakobi Meyers Raiders
78%
QB J.J. McCarthy Vikings
78%
WR Khalil Shakir Bills
78%
WR Tetairoa McMillan Panthers
78%
WR Michael Pittman Jr. Colts
77%
QB C.J. Stroud Texans
76%
WR Emeka Egbuka Buccaneers
76%
RB J.K. Dobbins Broncos
76%
QB Matthew Stafford Rams
76%
RB Cam Skattebo Giants
75%
WR Keon Coleman Bills
75%
WR Matthew Golden Packers
75%
RB RJ Harvey Broncos
75%
RB Travis Etienne Jr. Jaguars
75%
QB Tua Tagovailoa Dolphins
75%
RB Tyrone Tracy Jr. Giants
74%
WR Ricky Pearsall 49ers
73%
RB Rachaad White Buccaneers
72%
TE Tucker Kraft Packers
72%
TE Dalton Kincaid Bills
71%
WR Jauan Jennings 49ers
71%
RB Kaleb Johnson Steelers
71%
TE Evan Engram Broncos
70%
TE Dallas Goedert Eagles
69%
TE Jake Ferguson Cowboys
69%
TE Kyle Pitts Sr. Falcons
68%
WR Brandon Aiyuk 49ers
66%
TE Colston Loveland Bears
66%
WR Darnell Mooney Falcons
66%
RB Jordan Mason Vikings
66%
WR Jayden Reed Packers
65%
RB Zach Charbonnet Seahawks
65%
RB Quinshon Judkins Browns
64%
WR Rashid Shaheed Saints
61%
WR Josh Downs Colts
60%
RB Austin Ekeler Commanders
59%
RB Tank Bigsby Jaguars
58%
RB Tyjae Spears Titans
57%
WR Adam Thielen Panthers
55%
RB Jerome Ford Browns
54%
WR Xavier Legette Panthers
53%
RB Trey Benson Cardinals
49%
RB Tyler Allgeier Falcons
49%
RB Dylan Sampson Browns
46%
RB Bhayshul Tuten Jaguars
43%
WR Cedric Tillman Browns
41%
RB Isaac Guerendo 49ers
21%
RB Jaylen Wright Dolphins
18%
RB MarShawn Lloyd Packers
12%
No matching quizzes found
Score Distribution
Percent of People with Each Score
Percentile by Number Answered
Your Score History
You have not taken this quiz